पेशवाओं का इतिहास / (Record no. 38700)

MARC details
000 -LEADER
fixed length control field 03781nam a22003857a 4500
005 - DATE AND TIME OF LATEST TRANSACTION
control field 20100802144453.0
010 ## - LCCN (DPL NO)
LC control number HIN-89943 B-429451-461
020 ## - INTERNATIONAL STANDARD BOOK NUMBER
International Standard Book Number 9788179320235
Terms of availability 600.00
035 ## - SYSTEM CONTROL NUMBER
System control number HN-62289
035 ## - SYSTEM CONTROL NUMBER
System control number B-429451-461
037 ## - SOURCE OF ACQUISITION
Source of stock number/acquisition DBAD/PUB
037 ## - SOURCE OF ACQUISITION
Source of stock number/acquisition आर.बी.सी./
082 ## - DEWEY DECIMAL CLASSIFICATION NUMBER
Classification number 954.04
100 ## - MAIN ENTRY--PERSONAL NAME
Personal name शाहिद अहमद
245 ## - TITLE STATEMENT
Title पेशवाओं का इतिहास /
Statement of responsibility, etc शाहिद अहमद
246 ## - VARYING FORM OF TITLE
Title proper/short title Peshwaon Ka Itihas
Remainder of title by Shahid Ahmed
260 ## - PUBLICATION, DISTRIBUTION, ETC. (IMPRINT)
Place of publication, distribution, etc जयपुर
Name of publisher, distributor, etc ग्रन्थ विकास
Date of publication, distribution, etc 2010
270 ## - ADDRESS
Address सी-37, राजापार्क, आदर्श नगर
City जयपुर
Postal code 4
300 ## - PHYSICAL DESCRIPTION
Extent 438पृ.
Dimensions 22सेमी. (सजिल्द)
700 ## - ADDED ENTRY--PERSONAL NAME
9 (RLIN) 3937
942 ## - ADDED ENTRY ELEMENTS (KOHA)
Source of classification or shelving scheme Dewey Decimal Classification
Item type Hindi Books
Classification part 954.04
Call number suffix शाहिद
Holdings
Withdrawn status Lost status Not for loan Collection code Home library Current library Date acquired Source of acquisition Cost, normal purchase price Full call number Barcode Copy number Cost, replacement price Koha item type
      Non-fiction Bawana Bawana 20/04/2011 आर.बी.सी./22600/28.3.11/82/15.311/30.3.11 600.00 954.04 शाहिद B-429459 1 600.00 Hindi Books
      Non-fiction Central Jail Tihar Central Jail Tihar 20/04/2011 आर.बी.सी./22600/28.3.11/82/15.311/30.3.11 600.00 954.04 शाहिद B-429456 1 600.00 Hindi Books
      Non-fiction Central Library Central Library 20/04/2011 आर.बी.सी./22600/28.3.11/82/15.311/30.3.11 600.00 954.04 शाहिद B-429451 1 600.00 Hindi Books
    Not For Loan Non-fiction D.B.Act.Division D.B.Act.Division 02/08/2010 DBAD / PUB 600.00 954.04 अहम HN-62289 1 600.00 Hindi Books
      Non-fiction Janak Puri Janak Puri 20/04/2011 आर.बी.सी./22600/28.3.11/82/15.311/30.3.11 600.00 954.04 शाहिद B-429457 1 600.00 Hindi Books
      Non-fiction Kasturba Gandhi Marg Kasturba Gandhi Marg 20/04/2011 आर.बी.सी./22600/28.3.11/82/15.311/30.3.11 600.00 954.04 शाहिद B-429453 1 600.00 Hindi Books
      Non-fiction Narela Narela 20/04/2011 आर.बी.सी./22600/28.3.11/82/15.311/30.3.11 600.00 954.04 शाहिद B-429460 1 600.00 Hindi Books
      Non-fiction Patel Nagar Patel Nagar 20/04/2011 आर.बी.सी./22600/28.3.11/82/15.311/30.3.11 600.00 954.04 शाहिद B-429452 1 600.00 Hindi Books
  Written-off vide DLB M. No. 383 dt 16.05.19   Non-fiction Peshwa Road Peshwa Road 20/04/2011 आर.बी.सी./22600/28.3.11/82/15.311/30.3.11 600.00 954.04 शाहिद B-429454 1 600.00 Hindi Books
      Non-fiction Sarojini Nagar Sarojini Nagar 20/04/2011 आर.बी.सी./22600/28.3.11/82/15.311/30.3.11 600.00 954.04 शाहिद B-429458 1 600.00 Hindi Books
      Non-fiction Shahdara Branch Shahdara Branch 20/04/2011 आर.बी.सी./22600/28.3.11/82/15.311/30.3.11 600.00 954.04 शाहिद B-429461 1 600.00 Hindi Books
      Non-fiction Tri Nagar Tri Nagar 20/04/2011 आर.बी.सी./22600/28.3.11/82/15.311/30.3.11 600.00 954.04 शाहिद B-429455 1 600.00 Hindi Books

© Delhi Public Library
Hit Counter
free hit counter